| 000 | 01403nam a2200277Ia 4500 | ||
|---|---|---|---|
| 999 |
_c46266 _d46266 |
||
| 001 | 13100 | ||
| 003 | GE_BSU | ||
| 005 | 20240815173827.0 | ||
| 008 | 181216s2013||||ge |||||||||||||| ||geo|| | ||
| 020 | _a9789941442476 | ||
| 040 | _cGE_BSU | ||
| 041 | _ageo | ||
| 080 | _a619(075.8) ყ-92 | ||
| 100 |
_aყურაშვილი, თ. _923081 |
||
| 245 |
_aვეტერინარია : _b [სახელმძღვ.] / _cთ. ყურაშვილი, მ. კერესელიძე ; სარედ. კოლ. : მერაბ ნათიძე, დავით გოდერძიშვილი. |
||
| 264 |
_aთბილისი : _bსაუნჯე, _c2013. |
||
| 300 |
_a456 გვ. : _bცხრ., ილ. ; _c30 სმ. |
||
| 500 | _aდანართი : გვ. 437-454 | ||
| 504 | _aბიბლიოგრ. გვ. 455-456 | ||
| 653 | _aვეტერინარია | ||
| 653 | _aვეტერინარია - სახელმძღვანელოები უმაღლესი სასწავლებლებისათვის | ||
| 700 |
_aკერესელიძე, მ. _eავტორი _923082 |
||
| 700 |
_aნათიძე, მერაბ _eრედაქტორი _923083 |
||
| 700 |
_aგოდერძიშვილი, დავით _eრედაქტორი _923084 |
||
| 942 |
_cBK _2udc |
||